000 00421nam a22001697a 4500
003 LK-CoMWRAF
005 20230824195535.0
008 230824b2004 |||||||| |||| 00| 0 eng d
020 _a0749907037
040 _aLK-CoMWRAF
_cLK-CoMWRAF
_dLK-CoMWRAF
_eLK-CoMWRAF
041 _aEnglish
082 _a823
_bQUI
245 _aWait until midnight
260 _aLondon
_b Piatkus
_c2004
300 _a361 p
942 _2ddc
_cBK
_n0
999 _c3253
_d3253